|
|
|
|
| LEADER |
00000nab a2200000uu 4500 |
| 001 |
vtls011526689 |
| 003 |
SK-MaSNL |
| 005 |
20260303112839.0 |
| 008 |
230121|1975 xo |||||||||||||||||slo| |
| 015 |
|
|
|a SNBRB
|
| 035 |
|
|
|a (urnnbn)urn:nbn:sk:snk:ar-a08t1f
|
| 035 |
|
|
|a (uuid)0e8e581a-dc5e-4f81-9350-42b9e971acab
|
| 035 |
|
|
|a urn:nbn:sk:snk-abedq8
|
| 040 |
|
|
|a SNKBUCL
|b slo
|c SNKBUCL
|e AACR2
|
| 041 |
0 |
|
|a slo
|
| 044 |
|
|
|a xo
|c SK
|
| 100 |
1 |
|
|a Kolárovská, Zuzana
|4 aut
|9 810790
|
| 245 |
1 |
0 |
|a Katharina von Bora
|b (450. výročie sobáša)
|c Zuzana Kolárovská
|
| 773 |
0 |
|
|t Cirkevné listy : časopis venovaný záujmom cirkve evanjelickej a. v.
|g Roč. 88, č. 7-8 (1975), s. 127-[128a]
|
| 954 |
|
|
|a odborná, vedecká literatúra pôvodná (slovenská)
|2 lita
|
| 958 |
|
|
|a OND
|
| 958 |
|
|
|a EUIPO
|
| 958 |
|
|
|a article21
|
| 999 |
|
|
|c 1887865
|d 1889795
|